| 000 | 00735nam a2200229 i 4500 | ||
|---|---|---|---|
| 001 | 37247 | ||
| 003 | ES-MaACL | ||
| 005 | 20230906155531.0 | ||
| 007 | t| | ||
| 008 | 030220s1986 sp ||||1| spa d | ||
| 020 | _a84-249-1039-7 | ||
| 245 | 0 | 0 |
_aBucólicos griegos / _cintroducciones, traducciones y notas por Manuel García Tejeiro y Mª Teresa Molinos Tejada. |
| 260 |
_aMadrid : _bGredos, _c1986. |
||
| 300 |
_a371 p. ; _c20 cm. |
||
| 490 | 1 |
_aBiblioteca clásica Gredos ; _v95 |
|
| 500 | _aIndice. | ||
| 700 | 1 |
_aGarcía Tejeiro, Manuel. _955323 |
|
| 700 | 1 |
_aMolinos Tejada, María Teresa. _982015 |
|
| 830 | 0 |
_aBiblioteca clásica Gredos ; _v95 _9177556 |
|
| 852 |
_aES-MaACL _jL-10128 _bR.112072 |
||
| 999 |
_c37247 _d37247 |
||